Sunday (Record no. 6128)

MARC details
000 -LEADER
fixed length control field 00624nam a2200241 a 4500
020 ## - INTERNATIONAL STANDARD BOOK NUMBER
ISBN
082 00 - DEWEY DECIMAL CLASSIFICATION NUMBER
Classification number 263.3
Author Cutter HES
100 ## - MAIN ENTRY--AUTHOR NAME
Author name Hessey, James Augustus
245 ## - TITLE STATEMENT
Title Sunday
Sub title Its Origin History and Present Obligation Considered in 8 Lectures
260 ## - PUBLICATION, DISTRIBUTION, ETC. (IMPRINT)
Place of publication London
Name of publisher John Murray
Year of publication 0000
300 ## - PHYSICAL DESCRIPTION
Number of Pages 450p
500 ## - GENERAL NOTE
General note includes index and biblioraphy
505 2# - FORMATTED CONTENTS NOTE
Formatted contents note Glo. Index
650 ## - SUBJECT ADDED ENTRY--TOPICAL TERM
Topical Term Sunday
942 ## - ADDED ENTRY ELEMENTS (KOHA)
Koha item type Books
700 1# -
-- Hessey, James Augustus
Holdings
Collection code Home library Current library Date acquired Cost, normal purchase price Full call number Accession Number Koha item type
  Henry Martyn Institute Library Henry Martyn Institute Library 07/10/2007 100.00 263.3 HES 08843 Books
                   Copyright © 2026 | Henry Martyn Institute | Hyderabad | TS-500052 | INDIA | Implemented by hmi.edu.in
Hit-Count:

Powered by Koha